[Event "Titled Tue 3rd Jan Late"]
[Site "chess.com INT"]
[Date "2025.06.03"]
[Round "6"]
[White "Arias Igual, Alejandro"]
[Black "Vila Dupla, Aurelio"]
[Result "1/2-1/2"]
[WhiteTitle "FM"]
[BlackTitle "FM"]
[WhiteElo "2242"]
[BlackElo "2056"]
[WhiteFideId "2254905"]
[BlackFideId "2203383"]
[EventDate "2025.06.03"]

1. d4 Nf6 2. Bf4 g6 3. e3 Bg7 4. Nf3 O-O 5. Be2 b6 6. h3 Bb7 7. O-O d6 8. a4 a6
9. Nbd2 Nbd7 10. c3 Re8 11. Bh2 Ra7 12. Bd3 Qa8 13. Qe2 e5 14. dxe5 Nxe5 15.
Nxe5 dxe5 16. e4 Nh5 17. f3 Nf4 18. Bxf4 exf4 19. a5 b5 20. Nb3 Bf8 21. Rfd1 c5
22. Bc2 Bc6 23. Qd2 Rd7 24. Qxf4 Red8 25. Qe5 Qa7 26. Kh1 Rxd1+ 27. Rxd1 Rxd1+
28. Bxd1 Qd7 29. Be2 Qd6 30. Qxd6 Bxd6 31. c4 b4 32. Kg1 Kf8 33. Kf2 Ke7 34. Ke3
Ba4 35. Nd2 Bc7 36. b3 Bc6 37. f4 Bxa5 38. g4 Bc7 39. e5 a5 40. Bd1 g5 41. Ne4
gxf4+ 42. Kxf4 Bxe4 43. Kxe4 Ke6 44. Bc2 Bxe5 45. Ke3 h6 46. Bf5+ Kf6 47. Bc2
Kg5 48. Kf3 Kh4 49. Kg2 h5 50. gxh5 Kxh5 51. Bf5 Kg5 52. Bc2 f5 53. Kf3 f4 54.
Bd1 Bc7 55. Bc2 Kh4 56. Kg2 Be5 57. Bd1 Bd4 58. Bc2 Be3 59. Bd1 Bd4 60. Bc2 Be3
61. Bd1 Bd4 1/2-1/2

[Event "Titled Tue 3rd Jan Late"]
[Site "chess.com INT"]
[Date "2025.06.03"]
[Round "6"]
[White "Garcia Almaguer, Juan Manuel"]
[Black "Serban, Cristian-Stefan"]
[Result "0-1"]
[WhiteTitle "CM"]
[BlackTitle "FM"]
[WhiteElo "2142"]
[BlackElo "2332"]
[WhiteFideId "5110491"]
[BlackFideId "1241443"]
[EventDate "2025.06.03"]

1. e4 g6 2. Nf3 Bg7 3. Bc4 c6 4. Bb3 d5 5. Nc3 d4 6. Ne2 c5 7. d3 Nc6 8. a3 Nf6
9. Ng5 O-O 10. f4 h6 11. Nf3 Bg4 12. O-O b5 13. h3 Bxf3 14. Rxf3 c4 15. Ba2 Qb6
16. Bd2 Rac8 17. Qf1 Nxe4 18. dxe4 d3+ 19. Be3 dxe2 20. Qxe2 Nd4 21. Qf2 Nxf3+
22. gxf3 Qf6 23. c3 a6 24. Kh2 Rfd8 25. Rg1 Rd3 26. Bb1 Rd7 27. f5 Rcd8 28. fxg6
fxg6 29. Bd4 Qf4+ 30. Kh1 g5 31. Be3 Rd2 32. Qxd2 Rxd2 33. Bxf4 gxf4 34. e5 Kf8
35. e6 Rxb2 36. Bg6 Bxc3 37. Bf7 Bg7 38. Rd1 Bf6 39. Rd8+ Kg7 40. Rg8+ Kh7 41.
Rg4 Bg7 42. Rxf4 c3 0-1

[Event "Titled Tue 3rd Jan Late"]
[Site "chess.com INT"]
[Date "2025.06.03"]
[Round "6"]
[White "Vasquez Schroeder, Rodrigo"]
[Black "Lazavik, Denis"]
[Result "1-0"]
[WhiteTitle "GM"]
[BlackTitle "GM"]
[WhiteElo "2446"]
[BlackElo "2577"]
[WhiteFideId "3400042"]
[BlackFideId "13515110"]
[EventDate "2025.06.03"]

1. e4 c5 2. Nf3 Nc6 3. d4 cxd4 4. Nxd4 Nf6 5. Nc3 e5 6. Ndb5 d6 7. Bg5 a6 8. Na3
b5 9. Nd5 Be7 10. Bxf6 Bxf6 11. c3 Rb8 12. Nc2 Bg5 13. Be2 O-O 14. O-O Be6 15.
Qd3 g6 16. Rfd1 Kg7 17. Bf3 Qd7 18. a3 h5 19. Ncb4 a5 20. Nxc6 Qxc6 21. h3 Rfd8
22. Qe2 Qc4 23. Qc2 f5 24. b3 Qc8 25. Rd3 h4 26. Rad1 Qd7 27. b4 axb4 28. cxb4
Rbc8 29. Rc3 Rxc3 30. Qxc3 Rc8 31. Qd3 Rb8 32. Rb1 Qf7 33. Rd1 Kh6 34. Qe2 Qd7
35. Qd3 Qc6 36. exf5 Bxf5 37. Be4 Qd7 38. Ne3 Bxe4 39. Qxe4 Bxe3 40. Qxe3+ Kg7
41. Qxe5+ dxe5 42. Rxd7+ Kf6 43. Rd5 Kf5 44. Kf1 g5 45. Ke2 Ra8 46. Rd3 e4 47.
Rc3 Kf4 48. g3+ hxg3 49. fxg3+ Ke5 50. Ke3 Kf5 51. g4+ Ke5 52. Rc5+ Kf6 53. Kxe4
Rxa3 54. Rf5+ Kg6 55. Rxb5 Rxh3 56. Rb6+ Kf7 57. Kf5 Rd3 58. Rb7+ Kf8 59. Kxg5
Rd5+ 60. Kh6 Rd6+ 61. Kh5 Kg8 62. g5 Kf8 63. b5 Kg8 64. g6 Rd1 65. b6 Rb1 66.
Kh6 Rh1+ 67. Kg5 Rb1 68. Kf5 1-0

[Event "Titled Tue 3rd Jan Late"]
[Site "chess.com INT"]
[Date "2025.06.03"]
[Round "6"]
[White "Golizadeh, Asghar"]
[Black "Calvo Gonzalez, Jose Felix"]
[Result "1-0"]
[WhiteTitle "GM"]
[BlackTitle "CM"]
[WhiteElo "2457"]
[BlackElo "2168"]
[WhiteFideId "12505269"]
[BlackFideId "54505615"]
[EventDate "2025.06.03"]

1. e4 c5 2. Nf3 d6 3. d4 cxd4 4. Nxd4 Nf6 5. Nc3 a6 6. Rg1 e5 7. Nb3 Be6 8. g4
d5 9. exd5 Nxd5 10. Nxd5 Qxd5 11. Qxd5 Bxd5 12. Be3 Nc6 13. c3 O-O-O 14. Nd2 Be7
15. a4 Rhe8 16. Bc4 Nd4 17. Bxd5 Nc2+ 18. Kd1 Nxe3+ 19. fxe3 Rxd5 20. Ke2 e4 21.
Nxe4 Re5 22. Nf2 Bc5 23. e4 Bxf2 24. Kxf2 Rxe4 25. Rae1 Rxe1 26. Rxe1 Rxe1 27.
Kxe1 Kd7 28. Kd2 Kd6 29. Kd3 Kd5 30. a5 Kc5 31. b4+ Kd5 32. c4+ Ke5 33. Ke3 f6
34. h4 g6 35. h5 f5 36. gxf5 Kxf5 37. h6 Ke5 38. b5 g5 39. c5 Kd5 40. c6 bxc6
41. bxa6 1-0

[Event "Titled Tue 3rd Jan Late"]
[Site "chess.com INT"]
[Date "2025.06.03"]
[Round "6"]
[White "Danzer, George"]
[Black "Chelly, Yahya"]
[Result "0-1"]
[WhiteTitle "CM"]
[BlackTitle "CM"]
[WhiteElo "2172"]
[BlackElo "2039"]
[WhiteFideId "4659465"]
[BlackFideId "5516200"]
[EventDate "2025.06.03"]

1. e4 c6 2. d4 d5 3. e5 Bf5 4. h4 h5 5. c4 e6 6. Nc3 Ne7 7. Nf3 Nd7 8. Bg5 Qb6
9. Qd2 dxc4 10. Bxc4 Nd5 11. O-O Rc8 12. Rad1 Bb4 13. a3 Be7 14. Na4 Qc7 15. b4
b5 16. Bxd5 cxd5 17. Nc5 Nxc5 18. bxc5 O-O 19. Bxe7 Qxe7 20. Qa5 Rb8 21. Rd2 Bg4
22. Qc3 Bxf3 23. Qxf3 Qxh4 24. Rb1 g6 25. g3 Qd8 26. Rdb2 Qa5 27. Qb3 Rb7 28.
Qb4 Qa6 29. a4 Rfb8 30. axb5 Rxb5 31. Qxb5 Rxb5 32. Rxb5 Qc6 33. Rb7 Qa4 34.
R1b4 Qa1+ 35. Kg2 Qc3 36. Ra4 a5 37. Rb5 Kg7 38. Rbxa5 g5 39. Ra7 g4 40. Rd7
Qf3+ 41. Kg1 Qd1+ 42. Kg2 Qxa4 0-1

[Event "Titled Tue 3rd Jan Late"]
[Site "chess.com INT"]
[Date "2025.06.03"]
[Round "6"]
[White "Murzin, Volodar"]
[Black "Thomforde-Toates, Noah"]
[Result "1-0"]
[WhiteTitle "GM"]
[WhiteElo "2658"]
[BlackElo "2128"]
[WhiteFideId "44155573"]
[BlackFideId "30951992"]
[EventDate "2025.06.03"]

1. e4 c5 2. Nf3 g6 3. c4 Bg7 4. d4 cxd4 5. Nxd4 Nc6 6. Be3 Nf6 7. Nc3 Ng4 8.
Qxg4 Nxd4 9. Qd1 e5 10. Be2 O-O 11. O-O d6 12. Qd2 Be6 13. Bxd4 exd4 14. Nb5 Qb6
15. Rad1 Rfc8 16. b3 a5 17. Nxd4 Be5 18. f4 Bh8 19. Kh1 Bxd4 20. Qxd4 Qxd4 21.
Rxd4 a4 22. Rxd6 axb3 23. axb3 Ra2 24. Bd1 Re8 25. h3 Rb2 26. f5 gxf5 27. exf5
Bc8 28. Kh2 Rb1 29. Rf3 Kf8 30. Bc2 Rb2 31. Rd2 f6 32. g4 b6 33. Rc3 h5 34. Kg3
hxg4 35. hxg4 Kf7 36. Rh2 Kg7 37. Bd1 Rxh2 38. Kxh2 Bb7 39. Kg3 Re1 40. Bf3 Bxf3
41. Kxf3 Rg1 42. Re3 Kf7 43. Re6 Rf1+ 44. Kg2 Rb1 45. Rxb6 Rb2+ 46. Kg3 Rc2 47.
Rb7+ Kf8 48. Kf4 Rf2+ 49. Ke4 Re2+ 50. Kd5 Re3 51. c5 Re1 52. c6 Ke8 53. b4 Kd8
54. b5 Kc8 55. Rf7 Rd1+ 56. Kc5 1-0

[Event "Titled Tue 3rd Jan Late"]
[Site "chess.com INT"]
[Date "2025.06.03"]
[Round "6"]
[White "Tan, Zhongyi"]
[Black "Hartge, Gedeon"]
[Result "0-1"]
[WhiteTitle "GM"]
[BlackTitle "FM"]
[WhiteElo "2536"]
[BlackElo "2328"]
[WhiteFideId "8603642"]
[BlackFideId "12932116"]
[EventDate "2025.06.03"]

1. e4 c5 2. Nf3 e6 3. d4 cxd4 4. Nxd4 a6 5. Bd3 Qc7 6. O-O Nf6 7. Qe2 d6 8. c4
g6 9. Nc3 Bg7 10. Be3 O-O 11. Rac1 Nc6 12. Nb3 Bd7 13. f4 Rac8 14. a3 Qb8 15.
Rfd1 Rfe8 16. Bb6 e5 17. f5 gxf5 18. exf5 e4 19. Nxe4 Nxe4 20. Bxe4 Bxf5 21. Nd2
Rxe4 22. Nxe4 Re8 23. Nf6+ Bxf6 24. Qf2 Qc8 25. Rf1 Re5 26. g4 Bd3 27. h3 Bxf1
28. Rxf1 Re6 29. g5 Bg7 30. Qxf7+ Kh8 31. Rf3 Ne5 32. Qf4 Nxf3+ 33. Qxf3 Qxc4
34. Bf2 Qc1+ 35. Kh2 Qc6 36. Qf7 Be5+ 37. Kg1 Qc1+ 38. Kg2 Qc6+ 39. Kg1 Qe8 40.
Qxb7 Re7 41. Qxa6 Qh5 42. h4 Qg4+ 43. Kf1 Qh3+ 44. Ke2 Bxb2+ 0-1

[Event "Titled Tue 3rd Jan Late"]
[Site "chess.com INT"]
[Date "2025.06.03"]
[Round "6"]
[White "Postny, Evgeny"]
[Black "Brancaleoni, Maurizio"]
[Result "1-0"]
[WhiteTitle "GM"]
[BlackTitle "FM"]
[WhiteElo "2525"]
[BlackElo "2185"]
[WhiteFideId "2804344"]
[BlackFideId "803022"]
[EventDate "2025.06.03"]

1. e4 c6 2. Nc3 d5 3. Nf3 dxe4 4. Nxe4 Nf6 5. Nxf6+ exf6 6. d4 Bd6 7. Be2 O-O 8.
O-O Re8 9. c3 Nd7 10. Be3 Nf8 11. Qd2 Ng6 12. g3 Bf5 13. Rfe1 Qd7 14. Bf1 Bh3
15. Bg2 Bxg2 16. Kxg2 Re7 17. Qd3 Rae8 18. Bd2 h6 19. Rxe7 Nxe7 20. Re1 b5 21.
b3 Kf8 22. h3 Qf5 23. Qxf5 Nxf5 24. Rxe8+ Kxe8 25. g4 Ne7 26. Ne1 Nd5 27. Nd3
Nb6 28. Kf3 Kd7 29. Ke4 Bf8 30. h4 Nc8 31. Bf4 g6 32. h5 Nd6+ 33. Bxd6 Bxd6 34.
c4 bxc4 35. bxc4 Ke6 36. d5+ cxd5+ 37. cxd5+ Kd7 38. Nb2 f5+ 39. gxf5 gxh5 40.
Nc4 h4 41. Kf3 f6 42. Kg4 Bc5 43. Kxh4 Bxf2+ 44. Kh5 Bg3 45. Kxh6 Ke7 46. Kg6
Bf4 47. Kg7 Bg5 48. Kg6 Bh4 49. a4 Kd7 50. Kf7 Bg5 51. Kg7 Bh4 52. Kg6 Ke7 53.
Kh5 Bg5 54. Kg4 Kd7 55. Kf3 Kc7 56. Ke4 Kd7 57. Kd4 Bh4 58. Kc5 Bf2+ 59. Kb5 Kc7
60. Nd2 Bg1 61. Ne4 Bd4 62. d6+ Kd7 63. Kc4 Be5 64. Kd5 Bb2 65. Nc5+ Kc8 66. Kc6
Ba3 67. d7+ Kd8 68. Ne6+ Ke7 69. d8=Q+ Kf7 70. Kd7 Bb4 71. Qe8# 1-0

[Event "Titled Tue 3rd Jan Late"]
[Site "chess.com INT"]
[Date "2025.06.03"]
[Round "6"]
[White "Clawitter, Craig"]
[Black "Przybylski, Wojciech"]
[Result "0-1"]
[BlackTitle "FM"]
[WhiteElo "2050"]
[BlackElo "2340"]
[WhiteFideId "2023105"]
[BlackFideId "1117599"]
[EventDate "2025.06.03"]

1. e4 c5 2. Nf3 d6 3. d4 cxd4 4. Nxd4 Nf6 5. Nc3 a6 6. f3 e5 7. Nb3 Be6 8. Be3
Nbd7 9. Qd2 b5 10. O-O-O b4 11. Nd5 Nxd5 12. exd5 Bf5 13. g4 Bg6 14. h4 h5 15.
Bd3 Bxd3 16. Qxd3 g6 17. Bg5 Qc7 18. f4 Bg7 19. f5 gxf5 20. Qxf5 f6 21. Rhf1
O-O-O 22. Bd2 hxg4 23. Bxb4 Bh6+ 24. Kb1 g3 25. Ba5 Qc4 26. Bxd8 Rxd8 27. Rf3
Qxh4 28. Na5 Bd2 29. Nc6 g2 30. Nxd8 Qh1 31. Rxh1 gxh1=Q+ 32. Rf1 Qxd5 33. Ne6
Kb7 34. Rd1 Qg2 35. Nd8+ Kc7 36. Nf7 Bg5 37. Nxd6 Nb6 38. Ne8+ Kb7 39. Nd6+ Kc7
40. b3 Qc6 41. Qe4 Nd7 42. Qxc6+ Kxc6 43. Nf5 e4 44. Re1 Kd5 0-1

[Event "Titled Tue 3rd Jan Late"]
[Site "chess.com INT"]
[Date "2025.06.03"]
[Round "6"]
[White "Harvey, Marcus R"]
[Black "Kleiman, Jake"]
[Result "1-0"]
[WhiteTitle "IM"]
[BlackTitle "IM"]
[WhiteElo "2447"]
[BlackElo "2399"]
[WhiteFideId "400092"]
[BlackFideId "2020041"]
[EventDate "2025.06.03"]

1. Nf3 Nf6 2. g3 e6 3. Bg2 d5 4. O-O b5 5. d4 Nbd7 6. Ne5 Bb7 7. f4 c5 8. e3 Be7
9. Nd2 O-O 10. c3 a5 11. Nxd7 Qxd7 12. Nf3 Qc7 13. Ne5 b4 14. Bd2 Ne4 15. Be1
Ba6 16. Rf3 bxc3 17. bxc3 Rab8 18. g4 Rfc8 19. g5 cxd4 20. Rh3 Nxg5 21. Rg3 Ne4
22. Bxe4 dxe4 23. Rh3 g6 24. Qg4 Bf6 25. Bh4 Bg7 26. exd4 Qb6 27. Nd7 Qb2 28.
Re1 Qd2 29. Rhe3 Rb2 30. Qg3 Rxc3 31. Rxc3 Bxd4+ 32. Rce3 Bxe3+ 33. Rxe3 Rb1+
34. Re1 Rb2 35. Nf6+ Kg7 36. Nxe4 Qc2 37. Bf6+ Kf8 38. Nf2 Rxa2 39. Qe3 Kg8 40.
Qa7 Qc8 41. Qe7 Bb7 42. Bg5 Bd5 43. Qd8+ Qxd8 44. Bxd8 a4 45. Bf6 a3 46. Rc1 Bc6
47. Rxc6 h5 48. Rc8+ Kh7 49. Rh8# 1-0

[Event "Titled Tue 3rd Jan Late"]
[Site "chess.com INT"]
[Date "2025.06.03"]
[Round "6"]
[White "Dobre, Claudiu-Cristian"]
[Black "Toktomushev, Teimur"]
[Result "0-1"]
[WhiteTitle "IM"]
[BlackTitle "FM"]
[WhiteElo "2265"]
[BlackElo "2398"]
[WhiteFideId "1211854"]
[BlackFideId "14176726"]
[EventDate "2025.06.03"]

1. d4 d5 2. Nf3 Nf6 3. e3 c5 4. Nbd2 Nc6 5. c3 e6 6. Bd3 Bd6 7. O-O O-O 8. dxc5
Bxc5 9. e4 Qc7 10. a4 a6 11. Qe2 h6 12. h3 Ba7 13. e5 Nh5 14. Re1 Nf4 15. Qf1 f6
16. exf6 Rxf6 17. Nb3 Nxh3+ 18. gxh3 Rxf3 19. Be3 e5 20. Qg2 e4 21. Be2 Ne5 22.
Bxf3 Nxf3+ 23. Kh1 Nxe1 24. Rxe1 Bxe3 25. Rxe3 Be6 26. Nd4 Qf7 27. Rg3 Bd7 28.
Kh2 Rf8 29. f3 Kh8 30. fxe4 dxe4 31. Qxe4 Bxa4 32. Qe5 Re8 33. Qf5 Qxf5 34. Nxf5
Re2+ 35. Kg1 Rxb2 36. Nxg7 Rb1+ 37. Kf2 Rb2+ 38. Ke1 Bb5 39. Nf5 a5 40. Nd4 Bc4
41. Rg6 a4 42. Rxh6+ Kg7 43. Nf5+ Kg8 44. Rh4 Be6 0-1

[Event "Titled Tue 3rd Jan Late"]
[Site "chess.com INT"]
[Date "2025.06.03"]
[Round "6"]
[White "Yushko, Olga"]
[Black "Muromtsev, Arthur"]
[Result "1/2-1/2"]
[WhiteTitle "WFM"]
[BlackTitle "FM"]
[WhiteElo "2036"]
[BlackElo "1967"]
[WhiteFideId "14114500"]
[BlackFideId "4177002"]
[EventDate "2025.06.03"]

1. d4 Nf6 2. c4 c5 3. d5 g6 4. Nc3 Bg7 5. e4 d6 6. f4 O-O 7. Nf3 e6 8. Bd3 exd5
9. exd5 Re8+ 10. Be2 Bg4 11. O-O a6 12. h3 Bxf3 13. Bxf3 Nbd7 14. Bd2 Rb8 15. a4
b6 16. Qc2 Qe7 17. Rfe1 Qf8 18. Qd3 h6 19. a5 bxa5 20. Na4 Rb4 21. Bxb4 cxb4 22.
c5 dxc5 23. Qxa6 Rxe1+ 24. Rxe1 Kh7 25. Qxa5 Qd6 26. Qa8 c4 27. Qc6 Qxf4 28. d6
Ne5 29. Qb7 Qd4+ 30. Kh1 Qxd6 31. Rd1 Qe6 32. Be2 c3 33. bxc3 bxc3 34. Nxc3 Qf5
35. Qb2 Qg5 36. Qd2 Qg3 37. Bf1 h5 38. Ne2 Qh4 39. Qf4 Nfg4 40. g3 Qe7 41. hxg4
Bh6 42. Qf2 Nxg4 43. Qd4 Be3 44. Qd7 Qe4+ 45. Bg2 Nf2+ 46. Kh2 Ng4+ 47. Kh3 Nf2+
48. Kh2 Ng4+ 49. Kh1 Nf2+ 50. Kh2 1/2-1/2

[Event "Titled Tue 3rd Jan Late"]
[Site "chess.com INT"]
[Date "2025.06.03"]
[Round "6"]
[White "Kalyani Sirin"]
[Black "Gurevich, Dmitry"]
[Result "1-0"]
[WhiteTitle "WFM"]
[BlackTitle "GM"]
[WhiteElo "2136"]
[BlackElo "2347"]
[WhiteFideId "33323500"]
[BlackFideId "2000407"]
[EventDate "2025.06.03"]

1. e4 c5 2. Nf3 d6 3. d4 cxd4 4. Nxd4 Nf6 5. Nc3 Nc6 6. f3 Nxd4 7. Qxd4 g6 8.
Bg5 Bg7 9. Nd5 O-O 10. Nxf6+ exf6 11. Bh4 Qa5+ 12. Qd2 Qxd2+ 13. Kxd2 f5 14.
exf5 Bxb2 15. Rb1 Be5 16. fxg6 hxg6 17. Bd3 Be6 18. a4 b6 19. g3 Rac8 20. f4
Bc3+ 21. Kc1 d5 22. Rf1 f5 23. Be7 Rf7 24. Bb4 d4 25. Bxc3 dxc3 26. Re1 Bd5 27.
Rb5 Rd7 28. Re5 Bc4 29. Bxc4+ Rxc4 30. Rb3 Kf7 31. Re3 Rdc7 32. Kd1 Kf6 33. Ke2
Rxa4 34. Rexc3 Rxc3 35. Rxc3 Ra5 36. Rc6+ Kg7 37. h3 Ra3 38. Kf2 Kh6 39. Rc7 Ra2
40. Kg2 Ra4 41. Kf3 Ra3+ 42. c3 g5 43. Rc6+ Kh5 44. fxg5 Kxg5 45. h4+ Kh5 46.
Kf4 Ra5 47. c4 Rc5 48. Rxc5 bxc5 49. Kxf5 a5 50. Ke4 1-0

[Event "Titled Tue 3rd Jan Late"]
[Site "chess.com INT"]
[Date "2025.06.03"]
[Round "6"]
[White "Daianu, Cristian-Clement"]
[Black "Ezat, Mohamed"]
[Result "0-1"]
[WhiteTitle "FM"]
[BlackTitle "IM"]
[WhiteElo "2205"]
[BlackElo "2296"]
[WhiteFideId "1208926"]
[BlackFideId "10600906"]
[EventDate "2025.06.03"]

1. e4 c6 2. Nf3 d5 3. exd5 cxd5 4. Ne5 Nd7 5. d4 Ngf6 6. f4 e6 7. Bd3 g6 8. c3
Bg7 9. O-O O-O 10. Nd2 b6 11. Kh1 Bb7 12. Qe1 a5 13. Rf3 a4 14. Rh3 Rc8 15. a3
Qe7 16. Qh4 h5 17. Ndf3 Rce8 18. f5 exf5 19. Bg5 Qe6 20. Bb5 Nxe5 21. Nxe5 Ng4
22. Nxg4 fxg4 23. Re3 Qc8 24. Bxe8 Rxe8 25. Rxe8+ Qxe8 26. Re1 Qb5 27. Qf2 Bc8
28. Bf6 Bh6 29. Qe2 Qxe2 30. Rxe2 Be6 31. Kg1 b5 32. Kf2 Kf8 33. Kg3 Ke8 34. Kh4
Kd7 35. Bg5 Bf8 36. Bf6 Bh6 37. Bg5 Bg7 38. Rf2 Bf5 39. Kg3 f6 40. Bd2 Ke6 41.
Re2+ Be4 42. h4 Bf8 43. Bf4 Be7 44. Bb8 Bf8 45. Rf2 Bf5 46. Re2+ Kf7 47. Bf4 Be7
48. Bc7 Be4 49. Rf2 Ke6 50. Kf4 g5+ 51. hxg5 fxg5+ 52. Ke3 h4 53. Be5 g3 54. Rd2
Kf5 55. Re2 Bf8 56. Kd2 Bh6 57. Ke1 g4 58. Bc7 Bf4 59. Bxf4 Kxf4 60. Rd2 h3 61.
gxh3 gxh3 62. Kf1 h2 0-1

[Event "Titled Tue 3rd Jan Late"]
[Site "chess.com INT"]
[Date "2025.06.03"]
[Round "6"]
[White "Saidov, Bilukhadzh"]
[Black "Pribelszky, Bence"]
[Result "0-1"]
[WhiteTitle "FM"]
[BlackTitle "IM"]
[WhiteElo "2309"]
[BlackElo "2400"]
[WhiteFideId "34165476"]
[BlackFideId "769738"]
[EventDate "2025.06.03"]

1. d4 b6 2. e4 Bb7 3. Bd3 d6 4. Nf3 Nd7 5. O-O e5 6. c3 Ngf6 7. Re1 Be7 8. Nbd2
O-O 9. Nf1 Re8 10. Ng3 Bf8 11. d5 c6 12. c4 Nc5 13. Bf1 a5 14. Bg5 h6 15. Be3
Ncxe4 16. Nxe4 Nxe4 17. Bxh6 gxh6 18. Rxe4 f5 19. Re3 Bg7 20. Rc1 c5 21. b3 e4
22. Nd2 Bd4 23. Rg3+ Kh7 24. Qh5 Qf6 25. Be2 Re5 26. Rh3 Rf8 27. Rd1 Bc8 28. Rh4
f4 29. Nxe4 Rxe4 30. Bd3 Bf5 31. Bxe4 Bxe4 32. Re1 Bxf2+ 33. Kxf2 Qd4+ 34. Kf1
Bd3+ 35. Re2 Qa1+ 36. Kf2 Qd4+ 37. Ke1 Qc3+ 38. Rd2 Qa1+ 39. Rd1 Qc3+ 40. Rd2
Qa1+ 41. Qd1 Re8+ 42. Kf2 Qd4+ 43. Kf3 Qe3+ 44. Kg4 Rg8+ 45. Kh5 Rg5# 0-1

[Event "Titled Tue 3rd Jan Late"]
[Site "chess.com INT"]
[Date "2025.06.03"]
[Round "6"]
[White "Wu, Derek"]
[Black "Reprintsev, Alexander"]
[Result "1-0"]
[WhiteTitle "FM"]
[BlackTitle "IM"]
[WhiteElo "2232"]
[BlackElo "2256"]
[WhiteFideId "30914558"]
[BlackFideId "14100541"]
[EventDate "2025.06.03"]

1. d4 d5 2. Nf3 Bf5 3. c4 e6 4. Nc3 c6 5. g3 Nf6 6. Nh4 Bg4 7. h3 Bh5 8. Qb3 Qc7
9. g4 dxc4 10. Qxc4 Bg6 11. Nxg6 hxg6 12. Bg2 Nbd7 13. Bd2 Nb6 14. Qb3 Bd6 15.
e3 e5 16. dxe5 Bxe5 17. f4 Bd6 18. O-O-O O-O-O 19. Kb1 Rhe8 20. Rc1 Bc5 21. Nb5
cxb5 22. Qxb5 Nfd7 23. Bb4 a6 24. Qa5 Na8 25. Bxc5 Qxa5 26. Bb6+ Kb8 27. Bxa5
Rc8 28. Rxc8+ Kxc8 29. Rc1+ Kb8 30. e4 b6 31. Bc3 f6 32. e5 fxe5 33. Bc6 Re7 34.
Re1 e4 35. Bxe4 Nc7 36. Bxg6 Rxe1+ 37. Bxe1 Nd5 38. Bd2 Nc5 39. h4 Ne7 40. Bc2
Kc7 41. h5 Kd7 42. g5 Ke8 43. h6 gxh6 44. gxh6 Kf7 45. h7 1-0

[Event "Titled Tue 3rd Jan Late"]
[Site "chess.com INT"]
[Date "2025.06.03"]
[Round "6"]
[White "Lymar, Vladislav"]
[Black "Munoz Ramos, Christopher"]
[Result "1-0"]
[WhiteTitle "CM"]
[BlackTitle "FM"]
[WhiteElo "2216"]
[BlackElo "2133"]
[WhiteFideId "14162180"]
[BlackFideId "3439615"]
[EventDate "2025.06.03"]

1. e4 c5 2. Nc3 Nc6 3. f4 g6 4. Nf3 Bg7 5. a3 e6 6. b4 cxb4 7. axb4 Nxb4 8. Ba3
Nc6 9. Nb5 Bf8 10. Bd6 Bxd6 11. Nxd6+ Ke7 12. e5 f6 13. Qc1 Kf8 14. Bc4 Qb6 15.
Qa3 Qb4 16. Qe3 Nh6 17. O-O Ng4 18. Qe2 Qc5+ 19. Kh1 Kg7 20. d4 Qb6 21. d5 exd5
22. Bxd5 Qe3 23. exf6+ Kxf6 24. Qb5 Nf2+ 25. Rxf2 Qxf2 26. Ne4+ Ke7 27. Nxf2 Rf8
28. Re1+ Kd8 29. Qc5 Rf6 30. Bxc6 Rxc6 31. Qe7+ Kc7 32. Nd4 Rb6 33. Ne6+ Kb8 34.
Qc5 Rc6 35. Qe5+ d6 36. Qh8 a6 37. Nd4 Rc5 38. Qd8 Ka7 39. Qxd6 b6 40. Re7+ Bb7
41. Nc6+ Rxc6 42. Qxc6 Rb8 43. Rxb7+ Rxb7 44. Ne4 Re7 45. h3 a5 46. Nd6 Ka6 47.
Qa8+ Ra7 48. Qc8+ Rb7 49. Qxb7# 1-0

[Event "Titled Tue 3rd Jan Late"]
[Site "chess.com INT"]
[Date "2025.06.03"]
[Round "6"]
[White "Bacrot, Etienne"]
[Black "Tang, Andrew"]
[Result "1-0"]
[WhiteTitle "GM"]
[BlackTitle "GM"]
[WhiteElo "2633"]
[BlackElo "2529"]
[WhiteFideId "605506"]
[BlackFideId "2059630"]
[EventDate "2025.06.03"]

1. e4 e5 2. Nf3 Nc6 3. Bc4 Nf6 4. d3 h6 5. Nc3 d6 6. h3 g6 7. Be3 Bg7 8. Qd2 a6
9. a3 b5 10. Ba2 Bb7 11. g4 Ne7 12. O-O-O c5 13. g5 hxg5 14. Nxg5 Rf8 15. f4 b4
16. axb4 cxb4 17. Na4 Qa5 18. Bb3 exf4 19. Bxf4 Bc6 20. Bxd6 Bxa4 21. Bxb4 Qb5
22. Bc4 Qb6 23. Rhf1 Bh6 24. h4 Rb8 25. Ba3 Nd7 26. Bxf7+ Kd8 27. Ne6+ Qxe6 28.
Bxe6 Bxd2+ 29. Kxd2 Ke8 30. b3 Bc6 31. Bd6 Rb6 32. Bxd7+ Bxd7 33. Rxf8+ Kxf8 34.
Rf1+ Ke8 35. Bc5 Rc6 36. d4 Bg4 37. b4 Rc7 38. d5 Rd7 39. c4 Bh3 40. Rf2 Bg4 41.
Ke3 Rb7 42. Kd4 Bc8 43. Rf6 Rc7 44. Bxe7 Rxe7 45. Rxg6 Rh7 46. Rg8+ Kd7 47. c5
Rxh4 48. c6+ Kc7 49. Kc5 Rh5 50. Rg7+ Kb8 51. Kb6 Rh8 52. d6 Be6 53. Rb7+ Kc8
54. d7+ Kd8 55. Rb8+ 1-0

[Event "Titled Tue 3rd Jan Late"]
[Site "chess.com INT"]
[Date "2025.06.03"]
[Round "6"]
[White "Lyakh, Vasiliy"]
[Black "Gattani, Sarthak"]
[Result "1-0"]
[WhiteElo "2116"]
[BlackElo "1869"]
[WhiteFideId "14189828"]
[BlackFideId "30995965"]
[EventDate "2025.06.03"]

1. d4 d5 2. c4 e6 3. Nc3 Nf6 4. cxd5 exd5 5. Bg5 Be7 6. e3 O-O 7. Bd3 h6 8. Bh4
c6 9. h3 Re8 10. Qc2 Nbd7 11. Nf3 Ne4 12. Bxe4 dxe4 13. Qxe4 g5 14. Bg3 Bd6 15.
Qd3 Bxg3 16. fxg3 Nf6 17. O-O-O Qe7 18. Ne5 Nd7 19. Ng4 Kg7 20. e4 Nb6 21. e5
Bxg4 22. hxg4 Rad8 23. Rxh6 Rh8 24. Rf6 Nd7 25. Rdf1 Nxe5 26. Qf5 Rxd4 27. Qxg5+
Kf8 28. Kb1 Rxg4 29. Rxf7+ Nxf7 30. Qxg4 Rg8 31. Qf4 Qe6 32. Qb4+ Qe7 33. Qb3 b6
34. a3 Rxg3 35. Qc4 c5 36. Nd5 Qe6 37. Qf4 Rg4 38. Qf3 Qe4+ 39. Qxe4 Rxe4 40.
Rf2 Kg7 41. Nc3 Rg4 42. Nb5 a6 43. Nc7 a5 44. Nd5 b5 45. Ne3 Rg5 46. Kc2 Ne5 47.
Rd2 1-0

[Event "Titled Tue 3rd Jan Late"]
[Site "chess.com INT"]
[Date "2025.06.03"]
[Round "6"]
[White "Fadi, Marko"]
[Black "Ugarte Soto, Cesar"]
[Result "1-0"]
[WhiteTitle "FM"]
[BlackTitle "CM"]
[WhiteElo "2244"]
[BlackElo "2088"]
[WhiteFideId "10605371"]
[BlackFideId "3601331"]
[EventDate "2025.06.03"]

1. d3 d5 2. Nd2 Nf6 3. g3 Bf5 4. Bg2 c6 5. e3 h6 6. Ne2 e6 7. b3 Nbd7 8. Bb2 Be7
9. O-O O-O 10. e4 Bg4 11. h3 Bh5 12. g4 Bg6 13. f4 dxe4 14. dxe4 Qb6+ 15. Kh1
Rad8 16. f5 Bh7 17. Qe1 exf5 18. exf5 Rfe8 19. Nc4 Qc7 20. Nf4 b5 21. Nd2 Bb4
22. Qf2 Ne5 23. c3 Ba5 24. Rad1 Bb6 25. Qg3 g5 26. fxg6 Nxg6 27. c4 Bd4 28. Bxd4
Rxd4 29. Ne2 Qxg3 30. Nxg3 Red8 31. Rxf6 Rxd2 32. Rxd2 Rxd2 33. Bxc6 bxc4 34.
bxc4 Rxa2 35. Bd5 Ra1+ 36. Kg2 Nf4+ 37. Kf3 Nxd5 38. cxd5 Ra3+ 39. Kf4 Kg7 40.
Nh5+ Kf8 41. Rxh6 Bg6 42. Ng3 Kg7 43. g5 Ra4+ 44. Ke3 Ra3+ 45. Kf2 Ra2+ 46. Ke1
Ra1+ 47. Kd2 Ra2+ 48. Kc1 Ra3 49. Ne2 Rd3 50. Nf4 Rc3+ 51. Kd2 Rc2+ 52. Kd1 Be4
53. Nh5+ Kf8 54. Nf6 Bf3+ 55. Kxc2 1-0